[Event "Tradewise Gibraltar"]
[Site "Caleta ENG"]
[Date "2014.01.31"]
[EventDate "2014.01.28"]
[Round "4.24"]
[Result "1-0"]
[White "Baskaran Adhiban"]
[Black "Alan Tate"]
[WhiteElo "2590"]
[BlackElo "2321"]
[PlyCount "71"]

1. e4 c5 2. Nf3 d6 3. d4 cxd4 4. Nxd4 Nf6 5. Nc3 a6 6. Bg5 e6
7. f4 h6 8. Bh4 Be7 9. Qf3 Nbd7 10. O-O-O g5 11. fxg5 hxg5
12. Bxg5 Ne5 13. Qf4 b5 14. a3 Nh5 15. Bxe7 Nxf4 16. Bxd8 Kxd8
17. g3 Nh3 18. Rd2 Ke7 19. Bg2 Bb7 20. Nf3 Nxf3 21. Bxf3 Rad8
22. Bg2 Ba8 23. b3 f6 24. Re1 Rh5 25. Re3 Ng5 26. h4 Nf7
27. Ne2 Rh6 28. Nd4 Rh5 29. Ne2 Bb7 30. Nf4 Rc5 31. Bh3 Bc8
32. Ng6+ Ke8 33. Rf2 e5 34. Bg2 f5 35. exf5 Nh6 36. Bh3 1-0

[Event "Tradewise Gibraltar"]
[Site "Caleta ENG"]
[Date "2014.02.01"]
[EventDate "2014.01.28"]
[Round "5.5"]
[Result "1-0"]
[White "Francisco Vallejo Pons"]
[Black "Baskaran Adhiban"]
[WhiteElo "2707"]
[BlackElo "2590"]
[PlyCount "195"]

1. e4 c5 2. Nc3 e6 3. Nf3 Nc6 4. d4 cxd4 5. Nxd4 Qc7 6. Qd3 a6
7. Nxc6 Qxc6 8. Qg3 b5 9. a3 Bb7 10. Bd3 Nf6 11. O-O d6
12. Re1 Be7 13. Bg5 h6 14. Bd2 Kf8 15. a4 bxa4 16. Rxa4 Nd7
17. Rc4 Qb6 18. Be3 Qd8 19. Bd4 e5 20. Be3 g6 21. Ra4 Bg5
22. Bc4 Kg7 23. Bd5 Bxd5 24. Nxd5 Bxe3 25. Qxe3 Nf6 26. Nxf6
Qxf6 27. Rea1 Rhc8 28. Qe2 Rc6 29. g3 Rb8 30. c3 Rcb6 31. R1a2
Qg5 32. Qc2 Ra8 33. b4 Qe7 34. Qd3 Qb7 35. Ra5 Rc8 36. Rxa6
Rxa6 37. Rxa6 Rxc3 38. Qxc3 Qxa6 39. Qd2 Qc6 40. Qd3 Kf6
41. b5 Qb6 42. Qc4 Ke7 43. h4 h5 44. Qa4 Qb7 45. Qb4 Qb6
46. Qc4 Qb7 47. Qa4 Kd8 48. Qa5+ Kd7 49. b6 Kc6 50. Qd5+ Kxb6
51. Qxd6+ Kb5 52. Qxe5+ Kc4 53. Kh2 Qc6 54. Kg2 f6 55. Qf4 Kd4
56. Kh2 Qxe4 57. Qxf6+ Kd3 58. Qb2 Qe6 59. Qc1 Ke2 60. Kg1 Qe4
61. Qf1+ Kd2 62. Qa1 Ke2 63. Qb2+ Kf3 64. Qf6+ Ke2 65. Qa1 Kd2
66. Qf1 Qc6 67. Kh2 Qf6 68. Kg1 Qc6 69. Qb1 Qe6 70. Qb7 Kd3
71. Qf3+ Kd4 72. Qd1+ Kc5 73. Qd3 Qf7 74. Kg2 Qb7+ 75. Qf3 Qb1
76. Qe3+ Kd5 77. Qe2 Kd6 78. f3 Kd7 79. Kf2 Qb6+ 80. Qe3 Qb2+
81. Ke1 Qf6 82. Ke2 Kc6 83. Qd3 Kc7 84. Qd5 Kc8 85. Kd3 Qa1
86. Qc4+ Kb7 87. Qb4+ Ka8 88. Ke4 Qd1 89. Ke5 Qa1+ 90. Ke6 Ka7
91. Qc5+ Ka6 92. Qd6+ Ka7 93. Kf7 Qb1 94. Qxg6 Qb8 95. f4 Qb5
96. Kg7 Ka8 97. Kh6 Qe2 98. Qxh5 1-0

[Event "Chess Olympiad"]
[Site "Tromso NOR"]
[Date "2014.08.02"]
[EventDate "2014.08.02"]
[Round "1.18"]
[Result "0-1"]
[White "Khaled Akhras"]
[Black "Baskaran Adhiban"]
[WhiteElo "2246"]
[BlackElo "2619"]
[PlyCount "128"]

1. d4 Nf6 2. Nf3 e6 3. c4 b6 4. Bg5 Bb7 5. Nbd2 c5 6. e3 h6
7. Bf4 cxd4 8. exd4 Be7 9. Be2 O-O 10. O-O d5 11. Ne5 Nc6
12. Nxc6 Bxc6 13. Bf3 Rc8 14. cxd5 Nxd5 15. Be5 Nb4 16. Bxc6
Nxc6 17. Nf3 Qd5 18. Qa4 a5 19. Rfc1 b5 20. Qd1 Rfd8 21. Qe2
a4 22. h3 Bb4 23. a3 Ba5 24. Rc2 Bb6 25. Rac1 f6 26. Bf4 Kf7
27. Be3 Ne7 28. Ne1 Rxc2 29. Nxc2 Rc8 30. Re1 Qc4 31. Nb4 Qxe2
32. Rxe2 Ba5 33. Nd3 Rc4 34. Nc5 Bc7 35. g4 Nd5 36. Kf1 Bb6
37. Ne4 Ke7 38. Nd2 Rc1+ 39. Re1 Rc2 40. Ne4 Rxb2 41. Ra1 Rb3
42. Ke2 e5 43. Nd2 exd4 44. Nxb3 dxe3 45. fxe3 axb3 46. Kd3
Bc5 47. Rb1 Bxa3 48. Rxb3 b4 49. Rb1 Ke6 50. Kd4 Nc3 51. Re1
Bb2 52. Kc4 Ne4 53. Re2 Bc3 54. Ra2 Kf7 55. Kd3 Ng5 56. Ra7+
Kg8 57. h4 Nf3 58. Ke4 Nxh4 59. Rb7 Kh7 60. Kf4 Ng6+ 61. Kf5
Ne5 62. Rb5 Nc4 63. Kf4 Be5+ 64. Kf3 b3 0-1

[Event "Chess Olympiad"]
[Site "Tromso NOR"]
[Date "2014.08.03"]
[EventDate "2014.08.02"]
[Round "2.26"]
[Result "0-1"]
[White "Bator Sambuev"]
[Black "Baskaran Adhiban"]
[WhiteElo "2528"]
[BlackElo "2619"]
[PlyCount "125"]

1. e4 c5 2. Nc3 e6 3. f4 d5 4. Nf3 dxe4 5. Nxe4 Nd7 6. g3 Ngf6
7. Nxf6+ Nxf6 8. Bg2 g6 9. d4 Bg7 10. dxc5 Qa5+ 11. c3 Qxc5
12. Qd4 Qc7 13. Be3 O-O 14. Qc5 Qb8 15. Qe5 b6 16. Qxb8 Rxb8
17. Ne5 Bb7 18. Bxb7 Rxb7 19. a4 Nd5 20. Bd2 Rc8 21. Ke2 a6
22. Rhc1 Ne7 23. Nd3 Nc6 24. Be3 Na5 25. Rd1 Nc4 26. Bf2 h5
27. Ra2 Rd8 28. b3 Na5 29. Nc1 Rc8 30. c4 Kf8 31. Rad2 Ke8
32. Rd6 Nc6 33. Na2 Bf8 34. R6d2 Na5 35. Rd3 b5 36. cxb5 axb5
37. Be1 Rc2+ 38. R1d2 Rxd2+ 39. Bxd2 Nc6 40. axb5 Rxb5 41. Kd1
f6 42. b4 e5 43. fxe5 fxe5 44. Rc3 Kd7 45. Rc4 Rd5 46. Nc3 Rd3
47. Ne4 Bxb4 48. Rxb4 Nxb4 49. Nc5+ Kc6 50. Nxd3 Nxd3 51. Ke2
e4 52. h3 Kd5 53. Bc3 Ne5 54. Ba5 Nf3 55. Kf2 Ke5 56. Bd8 Kf5
57. Ke3 Ne5 58. Bc7 g5 59. Kd4 Nc6+ 60. Ke3 g4 61. hxg4+ hxg4
62. Bd6 Ne5 63. Bc7 0-1

[Event "Chess Olympiad"]
[Site "Tromso NOR"]
[Date "2014.08.05"]
[EventDate "2014.08.02"]
[Round "4.12"]
[Result "1/2-1/2"]
[White "Yuniesky Quesada Perez"]
[Black "Baskaran Adhiban"]
[WhiteElo "2649"]
[BlackElo "2619"]
[PlyCount "112"]

1. e4 c5 2. Nf3 e6 3. d4 cxd4 4. Nxd4 Nc6 5. Nc3 Qc7 6. Be3 a6
7. Qd2 Nf6 8. O-O-O Bb4 9. f3 O-O 10. g4 b5 11. g5 Nh5
12. Nde2 Rd8 13. Ng3 d5 14. exd5 exd5 15. a3 Ba5 16. Nxh5 d4
17. Bf4 dxc3 18. Qxd8+ Qxd8 19. Rxd8+ Nxd8 20. Be5 Bb7
21. Nxg7 Bxf3 22. Rg1 Nc6 23. Bf6 cxb2+ 24. Kxb2 Bc7 25. Bg2
Ne5 26. Nf5 Re8 27. Bxf3 Nxf3 28. Rd1 Be5+ 29. Kb3 Bxf6
30. gxf6 h5 31. Ne7+ Kh7 32. Rd3 Ng5 33. Rd5 Kh6 34. Kb4 Nf3
35. h3 Ng5 36. Rd3 Nh7 37. Rg3 Nxf6 38. Nf5+ Kh7 39. Rg7+ Kh8
40. Rxf7 Re4+ 41. Kb3 Nd5 42. Ra7 Re6 43. c4 bxc4+ 44. Kxc4
Ne3+ 45. Nxe3 Rxe3 46. Rxa6 Rxh3 47. a4 Kg7 48. a5 h4 49. Rd6
Ra3 50. Kb4 Ra2 51. Rd3 Kf6 52. Kb5 Kg5 53. a6 Rxa6 54. Kxa6
Kg4 55. Kb5 h3 56. Rxh3 Kxh3 1/2-1/2

[Event "Chess Olympiad"]
[Site "Tromso NOR"]
[Date "2014.08.06"]
[EventDate "2014.08.02"]
[Round "5.23"]
[Result "1/2-1/2"]
[White "Dragan Kosic"]
[Black "Baskaran Adhiban"]
[WhiteElo "2486"]
[BlackElo "2619"]
[PlyCount "190"]

1. d4 Nf6 2. Nf3 g6 3. c4 Bg7 4. Nc3 O-O 5. e4 d6 6. Be2 e5
7. Be3 Ng4 8. Bg5 f6 9. Bh4 Nc6 10. d5 Ne7 11. Nd2 f5 12. O-O
Bf6 13. Bg3 Bg5 14. exf5 gxf5 15. Bxg4 fxg4 16. Nde4 Ng6
17. Nxg5 Qxg5 18. Ne4 Qe7 19. f3 h5 20. fxg4 Bxg4 21. Qd2 Bf5
22. Ng5 h4 23. Bf2 Bd3 24. Qxd3 Qxg5 25. Be3 Qg4 26. h3 Qg3
27. Qe4 Kg7 28. c5 Rac8 29. Rac1 c6 30. Bf2 Qf4 31. Qd3 cxd5
32. Qxd5 Rc6 33. Qb3 Qf7 34. Qxf7+ Rxf7 35. cxd6 Rxd6 36. Bxa7
Nf4 37. Rc2 Rdf6 38. Rd1 Kg6 39. Be3 Kf5 40. Rc4 Rc6 41. Rxc6
bxc6 42. Bxf4 exf4 43. Rc1 Rb7 44. b3 Ra7 45. Rc2 Ke4 46. Kf2
Ra8 47. Rc4+ Ke5 48. a4 Rd8 49. Rxc6 Rd2+ 50. Kf1 Ra2 51. Rc4
Kf5 52. Kg1 Ke5 53. Rb4 Kf5 54. Rb8 Ke4 55. Re8+ Kd3 56. Kf1
Rb2 57. a5 Rxb3 58. Kf2 Ra3 59. Kf3 Rxa5 60. Kxf4 Ra2 61. Kf3
Ra7 62. Rg8 Rf7+ 63. Kg4 Rh7 64. Kf4 Ke2 65. g4 hxg3 66. Kxg3
Ke3 67. Re8+ Kd4 68. h4 Kd5 69. Kg4 Kd6 70. Kg5 Re7 71. Rd8+
Ke5 72. Rg8 Kd6 73. h5 Re1 74. Rg7 Ke6 75. Kg6 Rg1+ 76. Kh7
Rh1 77. h6 Kf6 78. Rg2 Kf7 79. Rf2+ Ke7 80. Rf4 Rg1 81. Kh8
Rg6 82. Kh7 Rg1 83. Ra4 Kf7 84. Ra7+ Kf8 85. Rg7 Rh1 86. Rg5
Kf7 87. Rf5+ Ke7 88. Rf4 Rg1 89. Ra4 Kf7 90. Ra6 Rg2 91. Ra7+
Kf8 92. Ra8+ Kf7 93. Kh8 Rg6 94. h7 Rg1 95. Rg8 Rf1 1/2-1/2

[Event "Chess Olympiad"]
[Site "Tromso NOR"]
[Date "2014.08.08"]
[EventDate "2014.08.02"]
[Round "6.15"]
[Result "1-0"]
[White "Baskaran Adhiban"]
[Black "Vladimir Hamitevici"]
[WhiteElo "2619"]
[BlackElo "2467"]
[PlyCount "91"]

1. d4 Nf6 2. c4 c5 3. Nf3 cxd4 4. Nxd4 b6 5. f3 Bb7 6. e4 d6
7. Nc3 e6 8. Be2 a6 9. O-O Nbd7 10. Be3 Be7 11. a4 O-O 12. Qd2
Qc7 13. a5 bxa5 14. Nb3 Rab8 15. Nxa5 Ba8 16. Rfc1 Rfe8
17. Bf1 Bf8 18. Kh1 h5 19. Bf2 g6 20. b4 Kh7 21. b5 Bh6
22. Be3 Bxe3 23. Qxe3 Nc5 24. bxa6 Nxa6 25. Nb5 Qe7 26. Nb3
Bb7 27. Rd1 Red8 28. Qa7 Nc5 29. Nxc5 dxc5 30. Nd6 Ne8 31. e5
Qc7 32. Rab1 Kg7 33. Rb5 Kf8 34. Rdb1 Nxd6 35. exd6 Rxd6
36. Rxb7 Rxb7 37. Qxb7 Qxb7 38. Rxb7 Rc6 39. Kg1 Kg7 40. h4
Kf6 41. Kf2 Rc8 42. Ke3 Rc6 43. Bd3 Rc8 44. Be4 Kg7 45. Kf4
Kf6 46. g3 1-0

[Event "Chess Olympiad"]
[Site "Tromso NOR"]
[Date "2014.08.09"]
[EventDate "2014.08.02"]
[Round "7.9"]
[Result "1/2-1/2"]
[White "Baskaran Adhiban"]
[Black "Husein Aziz Nezad"]
[WhiteElo "2619"]
[BlackElo "2365"]
[PlyCount "76"]

1. c4 e6 2. Nf3 d5 3. g3 Nf6 4. Bg2 Be7 5. O-O O-O 6. d4 c6
7. Qc2 Nbd7 8. Rd1 b6 9. b3 a5 10. Bb2 Ba6 11. Nbd2 c5 12. e4
dxc4 13. bxc4 cxd4 14. e5 Ng4 15. Qe4 h5 16. Bxd4 Nc5 17. Qe2
Qc7 18. Nb3 Rad8 19. Rd2 a4 20. Nxc5 Bxc5 21. Rad1 Bxd4
22. Rxd4 Rxd4 23. Rxd4 Bb7 24. Rd6 Qc5 25. Ng5 Bxg2 26. Kxg2
g6 27. Nf3 Kg7 28. h3 Nh6 29. Nd4 Rc8 30. Rd7 Kg8 31. Qd2 Nf5
32. Nxf5 exf5 33. Rd8+ Rxd8 34. Qxd8+ Kg7 35. Qf6+ Kg8
36. Qd8+ Kg7 37. Qf6+ Kg8 38. Qd8+ Kg7 1/2-1/2

[Event "Chess Olympiad"]
[Site "Tromso NOR"]
[Date "2014.08.10"]
[EventDate "2014.08.02"]
[Round "8.7"]
[Result "1/2-1/2"]
[White "Vladimir Akopian"]
[Black "Baskaran Adhiban"]
[WhiteElo "2655"]
[BlackElo "2619"]
[PlyCount "69"]

1. e4 c5 2. Nf3 d6 3. d4 cxd4 4. Nxd4 Nf6 5. Nc3 a6 6. f3 e5
7. Nb3 Be6 8. Be3 Be7 9. Qd2 O-O 10. O-O-O a5 11. Qe1 Qc8
12. Bb5 Na6 13. Kb1 Nc7 14. Bg5 Nxe4 15. Nxe4 Bxg5 16. Nxd6
Qb8 17. Nc5 Rd8 18. Nxe6 Nxe6 19. Ne4 Be7 20. Bc4 Rxd1+
21. Qxd1 Qc8 22. Qd5 Qc7 23. c3 Rd8 24. Qb5 Nc5 25. a4 g6
26. Re1 Kg7 27. Nxc5 Bxc5 28. Bb3 Rd2 29. Re2 Rxe2 30. Qxe2 b6
31. Qe4 f5 32. Qd5 Qe7 33. Bc2 Qd6 34. Qxd6 Bxd6 35. Kc1
1/2-1/2

[Event "Chess Olympiad"]
[Site "Tromso NOR"]
[Date "2014.08.11"]
[EventDate "2014.08.02"]
[Round "9.8"]
[Result "1/2-1/2"]
[White "Baskaran Adhiban"]
[Black "Diego Flores"]
[WhiteElo "2619"]
[BlackElo "2562"]
[PlyCount "113"]

1. d4 Nf6 2. c4 c5 3. d5 e6 4. Nc3 exd5 5. cxd5 d6 6. e4 g6
7. f4 Bg7 8. Bb5+ Nfd7 9. a4 Qh4+ 10. g3 Qe7 11. Nf3 O-O
12. O-O Na6 13. f5 Ne5 14. Nxe5 Bxe5 15. Bh6 Rd8 16. Qd2 Bd7
17. Rf4 Nc7 18. Raf1 Nxb5 19. axb5 f6 20. h4 gxf5 21. exf5 Kh8
22. Re4 Rg8 23. Bf4 Raf8 24. Re3 Qg7 25. Bxe5 fxe5 26. Ne4
Bxb5 27. Rf2 Qh6 28. Ng5 Qh5 29. f6 Rxg5 30. hxg5 Qxg5 31. f7
Kg7 32. Kg2 Bc4 33. Re4 Qxd2 34. Rg4+ Qg5 35. Rxg5+ Kh6
36. Rg4 Bxd5+ 37. Kg1 Kh5 38. Rg7 Kh6 39. Rg8 Rxg8 40. fxg8=Q
Bxg8 41. Rf6+ Kg5 42. Rxd6 Kf5 43. Rd7 b5 44. Rxa7 b4 45. Rg7
Bd5 46. Rxh7 c4 47. Kf2 Ke4 48. Ke2 Kd4 49. g4 c3 50. bxc3+
Kxc3 51. Rc7+ Bc4+ 52. Ke3 b3 53. Rb7 Bd5 54. Rc7+ Bc4 55. Rb7
b2 56. Rxb2 Kxb2 57. Ke4 1/2-1/2

[Event "Chess Olympiad"]
[Site "Tromso NOR"]
[Date "2014.08.12"]
[EventDate "2014.08.02"]
[Round "10.8"]
[Result "1/2-1/2"]
[White "Baskaran Adhiban"]
[Black "David Baramidze"]
[WhiteElo "2619"]
[BlackElo "2612"]
[PlyCount "253"]

1. e4 e5 2. Nf3 Nc6 3. Bb5 a6 4. Ba4 Nf6 5. O-O Be7 6. Re1 b5
7. Bb3 d6 8. c3 O-O 9. h3 Nb8 10. d4 Nbd7 11. Nbd2 Bb7 12. Bc2
Re8 13. Nf1 Bf8 14. Ng3 g6 15. Bg5 h6 16. Bd2 Bg7 17. Qc1 h5
18. Bg5 Nf8 19. Qd2 Qe7 20. Bh6 N6h7 21. b4 Bxh6 22. Qxh6 Qf6
23. Rad1 a5 24. Qc1 axb4 25. dxe5 dxe5 26. cxb4 Bc8 27. Bb3
Bxh3 28. Qxc7 Be6 29. Bd5 Ra3 30. Re3 Rxe3 31. fxe3 h4 32. Nf1
h3 33. Qxe5 hxg2 34. N1h2 Qe7 35. Bxe6 Qxe6 36. Qxe6 Rxe6
37. e5 Ra6 38. Rd2 Ra4 39. Rb2 Nd7 40. Ng4 Nb6 41. Rd2 Rxb4
42. Nf6+ Kg7 43. Rd8 Nxf6 44. exf6+ Kxf6 45. Rd6+ Kf5 46. Rxb6
Ke4 47. Ng5+ Kxe3 48. Nxf7 Ra4 49. Rxb5 Rxa2 50. Ng5 Kf4
51. Nh3+ Kg3 52. Rb3+ Kh4 53. Nf2 Kh5 54. Rh3+ Kg5 55. Kxg2
Kf6 56. Rb3 Kf5 57. Kf3 Ra5 58. Rd3 Rb5 59. Ng4 Kg5 60. Ne3
Ra5 61. Kg3 Rb5 62. Ng2 Ra5 63. Nh4 Ra6 64. Rd5+ Kf6 65. Nf3
Ke6 66. Rb5 Kf6 67. Rb4 Kg7 68. Ne5 Kf6 69. Ng4+ Ke6 70. Rb5
Ra3+ 71. Kf4 Ra4+ 72. Kg5 Kd6 73. Rb2 Kc5 74. Re2 Kd4 75. Nf2
Ra5+ 76. Kxg6 Re5 77. Ra2 Rb5 78. Kf6 Rb6+ 79. Kf5 Rb8
80. Ra4+ Ke3 81. Ng4+ Kd3 82. Ne5+ Kc3 83. Rc4+ Kb3 84. Rc7
Rb4 85. Nf3 Ka4 86. Ke5 Rg4 87. Kd5 Kb4 88. Rc8 Rg3 89. Rc4+
Ka3 90. Rf4 Rg8 91. Nd4 Rd8+ 92. Ke4 Rh8 93. Ne6 Kb4 94. Kd5+
Kc3 95. Rf3+ Kb4 96. Rf4+ Kc3 97. Rg4 Rh5+ 98. Ng5 Rh8
99. Rg3+ Kb4 100. Nf7 Rf8 101. Nd6 Rh8 102. Rg4+ Kc3 103. Nb5+
Kd3 104. Rg3+ Kd2 105. Nd6 Rd8 106. Ke5 Ke2 107. Rh3 Ra8
108. Rb3 Rd8 109. Ra3 Rh8 110. Nf7 Rh5+ 111. Kd4 Rh4+ 112. Kd5
Rh5+ 113. Ne5 Rh8 114. Rg3 Ra8 115. Nc6 Kf2 116. Rb3 Re8
117. Ne5 Ra8 118. Rc3 Rh8 119. Nf3 Re8 120. Kd4 Rd8+ 121. Ke4
Ra8 122. Ne5 Ra4+ 123. Nc4 Ra8 124. Rf3+ Ke2 125. Rh3 Kf2
126. Rh2+ Kg3 127. Rb2 1/2-1/2

[Event "Chess Olympiad"]
[Site "Tromso NOR"]
[Date "2014.08.14"]
[EventDate "2014.08.02"]
[Round "11.6"]
[Result "1/2-1/2"]
[White "Jahongir Vakhidov"]
[Black "Baskaran Adhiban"]
[WhiteElo "2471"]
[BlackElo "2619"]
[PlyCount "160"]

1. d4 Nf6 2. Nf3 g6 3. c4 Bg7 4. g3 O-O 5. Bg2 d6 6. O-O Nc6
7. Nc3 a6 8. d5 Na5 9. b3 Rb8 10. Nd4 Bd7 11. Bb2 b5 12. cxb5
axb5 13. Qd2 b4 14. Nd1 e6 15. dxe6 fxe6 16. Nc2 Nc6 17. Rc1
Rb6 18. Ba1 Qb8 19. Nb2 Na5 20. Nd3 Nc6 21. Ne3 Rf7 22. Nc4
Ra6 23. Bxc6 Rxc6 24. Bxf6 Bxf6 25. Nxb4 Rxc4 26. Rxc4 c5
27. Nd3 Bb5 28. Rcc1 Bd4 29. b4 c4 30. Nf4 e5 31. Ne6 c3
32. Rxc3 Bxc3 33. Qxc3 h6 34. Qc2 Kh7 35. Rc1 Qa7 36. e3 Bd7
37. Qc4 Kh8 38. Nd8 Rf6 39. b5 Qa5 40. Nc6 Qd2 41. Rf1 Be6
42. Qc1 Qe2 43. e4 Kg7 44. Qe3 Qxb5 45. Rc1 Bxa2 46. Nd8 Qb8
47. Qd2 Qxd8 48. Qxa2 Qb6 49. Rc2 h5 50. h4 Rf7 51. Kg2 Qd4
52. Qd5 Qxd5 53. exd5 e4 54. Rc6 Rd7 55. Rc4 Re7 56. Rc6 Rd7
57. Rc8 Kf7 58. g4 hxg4 59. Kg3 Ra7 60. Rc6 Ke7 61. Rc4 Ra3+
62. Kxg4 Rd3 63. Kg5 Rxd5+ 64. Kxg6 Re5 65. h5 e3 66. fxe3
Rxe3 67. Rc7+ Kf8 68. h6 Rg3+ 69. Kh7 Rg1 70. Rd7 Rg2 71. Rg7
Rh2 72. Rg6 Kf7 73. Rxd6 Rg2 74. Rd7+ Kf8 75. Rg7 Rh2 76. Rg3
Rf2 77. Rg7 Rh2 78. Rg5 Rf2 79. Kg6 Kg8 80. Rg1 Ra2 1/2-1/2

[Event "Spanish Championship Division Honor"]
[Site "?"]
[Date "2014.09.08"]
[EventDate "?"]
[Round "?"]
[Result "0-1"]
[White "Renier Castellanos Rodriguez"]
[Black "Baskaran Adhiban"]
[WhiteElo "2465"]
[BlackElo "2619"]
[PlyCount "104"]

1.e4 e5 2.Nf3 Nc6 3.Bb5 a6 4.Ba4 Nf6 5.d3 d6 6.c3 g6 7.O-O Bg7
8.Re1 O-O 9.Nbd2 b5 10.Bc2 Bb7 11.Nb3 Re8 12.Bd2 Rb8 13.d4 Ba8
14.d5 Ne7 15.Na5 c6 16.c4 bxc4 17.dxc6 Nxc6 18.Nxc4 d5 19.exd5
Nxd5 20.Bg5 Bf6 21.h4 Kg7 22.Be4 Nf4 23.b3 Bxg5 24.hxg5 Qc7
25.Qd2 Rbd8 26.Qb2 Nd4 27.Bxa8 Nd3 28.Qc3 Nxe1 29.Rxe1 Rxa8
30.Nfxe5 Rad8 31.Re4 Rxe5 32.Rxd4 Re1+ 33.Qxe1 Rxd4 34.Qc3 Qc5
35.g3 Kg8 36.Kg2 Qd5+ 37.f3 Qd8 38.Qe3 Rd3 39.Qe4 Rd4 40.Qc6
Qxg5 41.Qxa6 Qe7 42.Kf2 Qc5 43.Ke2 Rd8 44.Qa5 Qd4 45.Qd2 Qf6
46.Qb2 Qf5 47.Kf2 Qh3 48.Qf6 Qh2+ 49.Ke3 Qg1+ 50.Ke4 Qe1+
51.Kf4 Rd5 52.Ne5 Qxe5+ 0-1

[Event "Qatar Masters"]
[Site "Doha QAT"]
[Date "2014.11.26"]
[EventDate "2014.11.26"]
[Round "1.36"]
[Result "1-0"]
[White "Guido Caprio"]
[Black "Baskaran Adhiban"]
[WhiteElo "2401"]
[BlackElo "2630"]
[PlyCount "117"]

1. d4 d5 2. c4 e6 3. Nf3 Nf6 4. Nc3 c6 5. e3 Nbd7 6. Qc2 Bd6
7. Bd3 O-O 8. O-O dxc4 9. Bxc4 b5 10. Be2 Qe7 11. Rd1 a6
12. Ng5 c5 13. Nce4 Bb7 14. Nxd6 Qxd6 15. dxc5 Qxc5 16. Qxc5
Nxc5 17. Bd2 Rfc8 18. Rac1 h6 19. Nf3 Nfe4 20. Bb4 Na4 21. Ba3
Bd5 22. Nd4 Bxa2 23. Nc6 Kh8 24. Ne5 Bb3 25. Rxc8+ Rxc8
26. Rd8+ Rxd8 27. Nxf7+ Kg8 28. Nxd8 Bd5 29. Bh5 a5 30. Bf7+
Kh8 31. Be8 b4 32. Bxb4 axb4 33. Bxa4 Nd6 34. f3 Nb7 35. Nxb7
Bxb7 36. f4 Kg8 37. Bb3 Kf7 38. f5 Bd5 39. fxe6+ Kxe6
40. Bxd5+ Kxd5 41. Kf2 Ke4 42. Ke2 h5 43. h4 b3 44. Kd2 Kf5
45. Kd3 Kg4 46. Ke4 Kxh4 47. Kf4 g5+ 48. Kf3 g4+ 49. Kf4 g3
50. Kf3 Kg5 51. Kxg3 Kf5 52. Kf3 h4 53. e4+ Kg5 54. g4 Kf6
55. Kf4 Kf7 56. Kf3 Kf6 57. Kg2 Ke5 58. g5 Kxe4 59. g6 1-0

[Event "Qatar Masters"]
[Site "Doha QAT"]
[Date "2014.11.27"]
[EventDate "2014.11.26"]
[Round "2.53"]
[Result "0-1"]
[White "Baskaran Adhiban"]
[Black "Ahmad Asgarizadeh"]
[WhiteElo "2630"]
[BlackElo "2371"]
[PlyCount "98"]

1. d4 d5 2. c4 dxc4 3. e4 e5 4. Nf3 Bb4+ 5. Bd2 Bxd2+ 6. Qxd2
exd4 7. Nxd4 Nf6 8. Nc3 O-O 9. Bxc4 Qe7 10. O-O-O Qc5 11. Qe2
Nc6 12. Nxc6 Qxc6 13. Rd4 Be6 14. Rhd1 Bxc4 15. Qxc4 Qxc4
16. Rxc4 Rfc8 17. e5 Ne8 18. Rd7 Rd8 19. Rcd4 Rxd7 20. Rxd7 a5
21. Nd5 Kf8 22. Kd2 Rc8 23. a4 Rb8 24. Ne3 b5 25. axb5 Rxb5
26. Nc4 a4 27. f4 h6 28. Kd3 Rb7 29. Kc3 h5 30. Rd4 Rb3+
31. Kc2 Rb4 32. Kd3 g6 33. Rd7 Rb7 34. Ke4 Ng7 35. Na5 Rxb2
36. Rxc7 Ne6 37. Rc8+ Kg7 38. g3 a3 39. Nc4 a2 40. Ra8 Rb4
41. Rxa2 Rxc4+ 42. Ke3 Rc3+ 43. Ke4 Rc1 44. Re2 Rf1 45. Rd2
Kh6 46. Ke3 g5 47. Ke2 Rh1 48. Ke3 gxf4+ 49. gxf4 Re1+ 0-1

[Event "Qatar Masters"]
[Site "Doha QAT"]
[Date "2014.11.28"]
[EventDate "2014.11.26"]
[Round "3.68"]
[Result "0-1"]
[White "Markus Lammers"]
[Black "Baskaran Adhiban"]
[WhiteElo "2327"]
[BlackElo "2630"]
[PlyCount "114"]

1. e4 c5 2. Nf3 d6 3. c3 Nf6 4. Be2 Bg4 5. O-O e6 6. d3 Nc6
7. Nbd2 d5 8. Qc2 Qc7 9. Re1 Bd6 10. h3 Bh5 11. a3 a5 12. a4
O-O 13. Bf1 Rad8 14. exd5 exd5 15. Nh4 Rfe8 16. Ndf3 Rxe1
17. Nxe1 Nd7 18. Nf5 Re8 19. Be3 Bh2+ 20. Kh1 Bf4 21. Qd2 Bxe3
22. Nxe3 Nf6 23. Nf5 h6 24. Nc2 Qd7 25. Qf4 Re6 26. Re1 Bg6
27. Ng3 Rxe1 28. Nxe1 d4 29. Be2 Nd5 30. Qd2 Nb6 31. Qd1 Ne7
32. Qb3 Nxa4 33. Bg4 Qc6 34. Nf3 dxc3 35. bxc3 c4 36. Qa3 f5
37. Ne5 Qc5 38. Qxc5 Nxc5 39. Nxg6 Nxg6 40. Bxf5 Nh4 41. dxc4
Nxf5 42. Nxf5 a4 43. Nd4 a3 44. Nc2 a2 45. Na1 Ne4 46. Kg1 Nd2
47. f3 Nxc4 48. Kf2 Kf7 49. Ke2 Ke6 50. Kd3 Kd5 51. f4 h5
52. g4 h4 53. Nc2 Nb2+ 54. Kd2 Ke4 55. f5 Nc4+ 56. Kc1 Ne3
57. Na1 Nxg4 0-1

[Event "Qatar Masters"]
[Site "Doha QAT"]
[Date "2014.11.29"]
[EventDate "2014.11.26"]
[Round "4.50"]
[Result "1-0"]
[White "Baskaran Adhiban"]
[Black "Noel Studer"]
[WhiteElo "2630"]
[BlackElo "2395"]
[PlyCount "51"]

1. Nf3 e6 2. c4 c5 3. d4 cxd4 4. Nxd4 Nf6 5. g3 a6 6. Bg2 Qc7
7. O-O Qxc4 8. Nc3 Nc6 9. Nb3 d5 10. Bf4 Be7 11. a3 a5 12. Re1
d4 13. Bxc6+ bxc6 14. Nxd4 O-O 15. Qa4 Qxa4 16. Nxa4 Nd5
17. Nxc6 Bf6 18. Rac1 Bd7 19. e4 Nxf4 20. gxf4 Rac8 21. Nb6
Bxc6 22. Nxc8 Rxc8 23. e5 Bh4 24. Re3 Bd7 25. Rxc8+ Bxc8
26. Rb3 1-0

[Event "Qatar Masters"]
[Site "Doha QAT"]
[Date "2014.11.30"]
[EventDate "2014.11.26"]
[Round "5.33"]
[Result "0-1"]
[White "Aryan Tari"]
[Black "Baskaran Adhiban"]
[WhiteElo "2479"]
[BlackElo "2630"]
[PlyCount "76"]

1. e4 c5 2. Nf3 d6 3. Bb5+ Nd7 4. O-O Nf6 5. Re1 a6 6. Bf1 b6
7. d4 cxd4 8. Nxd4 Bb7 9. f3 e6 10. c4 Be7 11. Nc3 O-O 12. Bg5
Rc8 13. Qd2 Qc7 14. Rac1 Qb8 15. Bf4 Bd8 16. Nde2 Ne5 17. b3
Nh5 18. Be3 Bc7 19. h3 Ba8 20. f4 Ng6 21. f5 Ne5 22. Nd4 Rfe8
23. g4 Nf6 24. Bg2 b5 25. g5 Nfd7 26. cxb5 Ba5 27. a3 axb5
28. fxe6 fxe6 29. b4 Nc4 30. Qa2 Nxe3 31. bxa5 Nxg2 32. Kxg2
d5 33. Ndxb5 dxe4 34. Re3 Ne5 35. Qe2 Nd3 36. Rf1 Nf4+
37. Rxf4 Qxf4 38. Qf2 Qxg5+ 0-1

[Event "Qatar Masters"]
[Site "Doha QAT"]
[Date "2014.12.01"]
[EventDate "2014.11.26"]
[Round "6.25"]
[Result "1-0"]
[White "Baskaran Adhiban"]
[Black "Gunay Mammadzada"]
[WhiteElo "2630"]
[BlackElo "2316"]
[PlyCount "103"]

1. e4 c5 2. Nf3 d6 3. d4 cxd4 4. Nxd4 Nf6 5. Nc3 a6 6. h3 e6
7. g4 d5 8. Nde2 Bb4 9. a3 Bxc3+ 10. Nxc3 Nxe4 11. Nxe4 dxe4
12. Qxd8+ Kxd8 13. Bd2 Nc6 14. O-O-O Ke7 15. Re1 h5 16. g5 e5
17. Rxe4 Be6 18. Re3 f6 19. Rg1 Rhf8 20. Bg2 Rac8 21. h4 Kd7
22. Bc3 Bg4 23. Bd5 Be6 24. Bf3 Kc7 25. Bxh5 Rh8 26. Bg4 Bxg4
27. Rxg4 Kd6 28. f4 exf4 29. Rxf4 fxg5 30. hxg5 Rh1+ 31. Kd2
Rg1 32. Rd3+ Ke6 33. Re3+ Kd6 34. Bxg7 Rxg5 35. Rf7 Rd5+
36. Kc1 Nd8 37. Bf8+ Kc6 38. Rc3+ Kb6 39. Rxc8 Nxf7 40. c4 Rd7
41. Bc5+ Ka5 42. Bb4+ Kb6 43. Bc5+ Ka5 44. Bf2 Nd8 45. Be1+
Kb6 46. Bf2+ Ka5 47. b3 Nc6 48. Rf8 Re7 49. Kd2 b5 50. Rf6 Rc7
51. Kc3 bxc4 52. Rf5+ 1-0

[Event "Qatar Masters"]
[Site "Doha QAT"]
[Date "2014.12.02"]
[EventDate "2014.11.26"]
[Round "7.17"]
[Result "0-1"]
[White "Yuri Kuzubov"]
[Black "Baskaran Adhiban"]
[WhiteElo "2661"]
[BlackElo "2630"]
[PlyCount "96"]

1. c4 Nf6 2. Nf3 g6 3. Nc3 Bg7 4. e4 d6 5. d4 O-O 6. h3 e5
7. d5 Nh5 8. Nh2 Qe8 9. Be2 Nf4 10. Bf3 f5 11. g3 Nxh3 12. Bg2
fxe4 13. Nxe4 Bf5 14. Rf1 h5 15. Qe2 Na6 16. f3 Nc5 17. Be3
Nxe4 18. fxe4 Bd7 19. O-O-O Qe7 20. Qd2 Bf6 21. Nf3 g5
22. Bxh3 Bxh3 23. Rh1 Bg4 24. Rdf1 Qh7 25. Nxg5 Bxg5 26. Bxg5
Qxe4 27. b3 Rf3 28. Bf6 Qg6 29. Bh4 Raf8 30. Rxf3 Rxf3 31. Kb2
b6 32. Re1 a5 33. Ka3 Rd3 34. Qc1 Rf3 35. Rf1 e4 36. Re1 Bf5
37. Qb2 Qf7 38. Qd4 Bg6 39. Rxe4 Bxe4 40. Qxe4 Rf5 41. Bd8 Re5
42. Qh4 Qf2 43. Bg5 Re2 44. Ka4 b5+ 45. Kxa5 Rxa2+ 46. Kb4
Qe1+ 47. Kxb5 Qe8+ 48. Kb4 c5+ 0-1

[Event "Qatar Masters"]
[Site "Doha QAT"]
[Date "2014.12.03"]
[EventDate "2014.11.26"]
[Round "8.5"]
[Result "1/2-1/2"]
[White "Baskaran Adhiban"]
[Black "Bu Xiangzhi"]
[WhiteElo "2630"]
[BlackElo "2707"]
[PlyCount "60"]

1. e4 e5 2. Nf3 Nc6 3. Bb5 a6 4. Ba4 Nf6 5. O-O Bc5 6. c3 b5
7. Bb3 d6 8. d4 Bb6 9. a4 Bb7 10. Bg5 h6 11. Bxf6 Qxf6 12. Bd5
O-O 13. dxe5 dxe5 14. Na3 Nd8 15. axb5 axb5 16. Bxb7 Nxb7
17. Nxb5 Rxa1 18. Qxa1 Nc5 19. Na3 Nxe4 20. Qe1 Qf4 21. Qe2
Rd8 22. g3 Qg4 23. Nc4 Rd5 24. Ne3 Bxe3 25. Qxe3 Ng5 26. Nxg5
hxg5 27. Re1 f6 28. Qe4 Qxe4 29. Rxe4 Kf7 30. Rc4 c5 1/2-1/2